00430nam a2200181Ia 450000500170000000800410001702000180005804100080007608200200008410000140010424500300011825000120014826000370016030000090019750000080020665000080021470000260022220230308145307.0230125s9999 xx 000 0 und d a9789332542198 aeng a658.312 44bDES aDessler G aHuman Resource Management aEd.14th c2017bPearson EducationaChennai a570p aHRM aHRM aDessler G & Varkkey B